[Event "RUS-ch m3-4"]
[Site "Elista"]
[Date "1997.05.30"]
[Round "4.3"]
[White "Dreev, Alexey"]
[Black "Zvjaginsev, Vadim"]
[Result "1/2-1/2"]
[WhiteElo "2650"]
[BlackElo "2610"]
[Annotator "Ribli,Z"]
[PlyCount "204"]
[EventDate "1997.04.19"]
[EventType "k.o."]
[EventRounds "6"]
[EventCountry "RUS"]
[SourceTitle "CBM 059"]
[Source "ChessBase"]
[SourceDate "1997.08.01"]
[SourceVersion "1"]
[SourceVersionDate "1997.08.01"]
[SourceQuality "1"]

1. d4 Nf6 2. c4 e6 3. Nf3 d5 4. Nc3 Bb4 5. Bg5 Nbd7 6. cxd5 exd5 7. Qc2 {
Das ist eine gefährliche Zugfolge für Schwarz. Weiß verteidigt den Springer,
zudem ist es in einigen Varianten von Vorteil, daß der Bg5 nach d2
zurückkehren kann. Wenn Weiß 7,e3 spielt, verbaut er sich diese Möglichkeit.
Ribli.} c5 (7... O-O 8. a3 Be7 $14 {Dieser bescheidene Läuferzug räumt ein,
daß 4...Bb4 nur ein Tempoverlust war.Ribli.} (8... Bxc3+ 9. Qxc3 $14)) (7... h6
{Ich glaube, Schwarz kann sich mit diesem Zug Zeit lassen.Ribli.} 8. Bh4 c5 9.
e3 Qa5 10. Bd3 O-O 11. O-O {Das ist im Prinzip die Hauptvariante, jedoch wegen
h6-Bh4 etwas vorteilhaft für Weiß.Ribli.} c4 12. Bf5 Re8 13. Nd2 $14 {Und in
der Hauptvariante wäre jetzt 13...g6 -ohne h6-Bh4- eine gute Fortsetzung.Ribli.
}) 8. dxc5 (8. a3 Bxc3+ (8... Qa5) 9. Qxc3 c4 10. Nd2 h6) 8... h6 (8... Nxc5 9.
a3 Bxc3+ 10. Qxc3 Nce4 11. Bxf6 Qxf6 12. Qxf6 Nxf6 13. Rc1 Bd7 14. Nd4 Ke7 15.
e3 Rhc8 16. Rxc8 Rxc8 17. Kd2 h5 18. f3 a6 19. Bd3 {1-0 Komarov,D-Tatai,S/
Reggio9697 Reggio Emilia 1997 (37)}) (8... Qa5 9. Bd2 Qxc5 10. a3 (10. e3 Ne4 (
10... O-O 11. Bd3 Qe7 12. O-O Ne5 13. Nxe5 Qxe5 14. Ne2 Bd6 15. Ng3 h6 16. Rfe1
Bd7 17. Qb3 Bc6 18. Bc3 {1-0 Lalic,B-Rosandic,D/Zagreb Vukovar 1993 (36)}) 11.
Rc1 Nxd2 12. Qxd2 O-O 13. a3 Bxc3 14. Qxc3 Qxc3+ 15. Rxc3 Nf6 16. Nd4 Bd7 17.
f3 Rfc8 18. Rxc8+ Rxc8 19. Kd2 Ne8 20. Bb5 Bxb5 21. Nxb5 a6 22. Nc3 {1-0
Boensch,U-Blatny,P/BL9596 1996 (41)}) 10... Bxc3 11. Qxc3 Ne4 12. Qxc5 Ndxc5
13. Rd1 (13. Nd4 Nxd2 14. Kxd2 Bd7 15. f3 Ne6 16. e3 Nxd4 17. exd4 Bf5 18. Bb5+
Ke7 19. Rhe1+ Kd6 20. Re5 Be6 21. f4 g6 22. Rg5 {1/2-1/2 Ivanov,T-Maksimenko,A/
Vladivostok op 1995}) 13... Nxd2 14. Rxd2 Be6 15. e3 Rc8 16. Nd4 Ne4 17. Rd1
Ke7 18. Bd3 {1/2-1/2 Kovacevic,B-Tatai,S/Formia op 1995 (29)}) 9. Bd2 O-O 10.
e3 Bxc5 {[%csl Yd4,Rd5] Schwarz hat einen Isolani auf d5 und sein Nd7 wäre
besser auf c6 postiert. Weiß muß zunächst einmal seine Entwicklung beenden. Er
kontrolliert das wichtige Feld d4. - Wenn man gegen einen isolierten Bauern
spielt, ist es immer wichtig, das Feld vor dem Bauern fest in der Hand zu
haben.Ribli.} 11. Bd3 {Hier steht der Läufer aktiver als auf e2. Weiß hält so
den Punkt e2 für das Manöver Ne2-d4 frei.Ribli.} a6 {Unterbindet das
eventuelle Springermanöver Nb5-d4.Ribli.} 12. O-O $14 Bd6 {Hier hat Schwarz
meiner Meinung nach keine gefährliche Aktivität - was normalerweise den
isolirten Bauern kompensieren sollte.Ribli.} 13. Ne2 {[%cal Ge2d4] Der
Springer zielt nach d4 und macht Platz für den schwarzfeldrigen Bc3.Ribli.} Ne5
(13... Nc5 14. Bc3 {[%csl Gd4][%cal Gc3g7]}) 14. Nxe5 Bxe5 15. Bc3 Qe7 {
Es wäre für Schwarz strategisch günstiger, die weißfeldrigen Läufer zu
tauschen und die schwarzfeldrigen auf dem Brett zu halten. In unserer Partie
ist der Bc3 aber so stark, daß Schwarz dem Läufertausch nicht aus dem Wege
geht.Ribli.} 16. Bxe5 Qxe5 17. Rac1 Be6 18. Qc3 {[%csl Gd4,Rd5] Weiß strebt
ein Endspiel an, in dem er aufgrund der ewigen Schwäche d5 einen kleinen, aber
dauerhaften Vorteil hätte.Ribli.} Ng4 19. Qxe5 Nxe5 20. Bb1 Rac8 21. Nd4 {
[%csl Gd4] Der Springer steht stolz auf d4. Ich möchte anmerken, daß das
mögliche Endspiel Nd4 gegen Be6 immer vorteilhaft für Weiß ist und Schwarz
hartnäckig um Remis kämpfen müßte.Ribli.} Nc4 22. Rc2 {Es ist besser für Weiß,
die Schwächung des Damenflügels mit 22.b3 zu vermeiden.Ribli.} (22. b3 $6 {
[%csl Ra3,Rc3]}) 22... Nd6 23. Rfc1 {In einem solchen Endspiel sind
normalerweise zwei Endergebnisse möglich: Weiß gewinnt oder Remis.Ribli.} Rc4
24. a3 {[%cal Yb1a2,Ya2d5] Weiß bereitet die Verbesserung des Läufers nach 25.
Ba2 vor.Ribli.} Rfc8 25. Ba2 Rxc2 26. Rxc2 Rxc2 27. Nxc2 {Ich möchte anmerken,
daß Weiß wegen des schwachen Pd5 Weiss in allen Endspielen besser steht -
natürlich in Bauernendspiel, im Endspiel Nvs.B, Bvs.B, Bvs.N und Nvs.N. Daß er
immer besser steht, ist unbestreitbar, die Frage ist nur, ob dieser Vorteil
für den Sieg auch ausreicht.Ribli.} Kf8 28. a4 {[%csl Gb6][%cal Ra4a5] Weiß
will die schwarzen Bauern am Damenflügel festlegen. Wenn diese Bauern auf
weißen Feldern blockiert wären, hätte Weiß bessere Chancen.Ribli.} Ke7 (28...
a5 29. b4 b6 (29... axb4 30. Nxb4 {[%csl Rd5]})) (28... b6 $2 29. Nb4 {[%cal
Rb4d5,Rb4a6]}) 29. Kf1 Bd7 30. a5 Nc4 {Schwarz wartet nicht mehr, er bietet
einen Figerentausch an und läßt so seinen isolierten Pd5 auflösen. Das
Problematische an diesem Zug ist, daß dieser Pc4 schwach wird.Ribli.} 31. Bxc4
dxc4 {[%csl Rc4]} 32. Ke2 Kd6 33. Kd2 Kc5 34. Kc3 f5 {Auf den ersten Blick ein
antipositioneller Zug, aber in Wirklichkeit unterbindet er den später
möglichen weißen Raumgewinn am Königsflügel.Ribli.} 35. Nd4 Bc8 36. h4 Bd7 (
36... g6 $6 {[%csl Rg6]}) 37. h5 {Weiß hat Raumvorteil am Königsflügel, aber
der Ph5 kann später einmal schwach werden.Ribli.} Bc8 38. f3 {Da der Springer
allein für weitere Gewinnversuche nicht ausreicht, bereitet Weiß e3-e4 vor.
Ribli.} Bd7 39. Ne2 Kb5 40. Nd4+ Kc5 41. g3 Bc8 42. e4 {Weiß spielt diesen Zug
nicht nur, um sich einen Freibauern zu bilden, sondern auch um 44.Nf5
vorzubereiten.Ribli.} fxe4 43. fxe4 Bg4 {[%csl Rh5]} 44. Nf5 Bxh5 (44... Bxf5
45. exf5 Kd5 {Meiner Meinung nach ist das Bauernendspiel remis.Ribli.} 46. g4
Ke4 (46... Kc5 $4 47. g5 {Das ist ein gut bekannter Durchbruch in dieser
Stellung.Ribli.} hxg5 48. f6 gxf6 49. h6 $18) 47. Kxc4 Kf4 48. Kc5 Kxg4 49. Kb6
Kxh5 50. Kxb7 Kg4 51. b4 (51. Kxa6 h5 52. b4 (52. Kb5 $18) 52... h4 53. b5 h3
54. b6 h2 55. b7 h1=Q 56. b8=Q {Und Weiß hat einen bloß theoretischen Vorteil,
da der Pa5 gefährlich werden kann. Meiner Meinung nach reicht das aber nicht
zum Gewinn.Ribli.}) 51... h5 52. b5 h4 53. bxa6 h3 54. a7 h2 55. a8=Q h1=Q+ 56.
Kb8 Qh2+ 57. Ka7 (57. Kb7 Qh1+) (57. Kc8 Qh8+ 58. Kb7 Qh1+) 57... Qg1+ $11) 45.
Nxg7 Bg6 {[%csl Gg6]} 46. e5 Bd3 (46... Kd5 47. e6 Kd6 48. g4 $5 Ke7 49. Nf5+
Kxe6 (49... Bxf5 $4 50. gxf5 $18) 50. Nxh6 $14) 47. e6 Kd6 48. Kd4 Be2 {
[%cal Ye2g4,Yg4e6]} 49. Nf5+ Kxe6 50. Nxh6 Kd6 51. g4 {Weiss hat einen
dauerhaften Vorteil. Jetzt ist der Freibauer g4 eine Gefahr für Schwarz.Ribli.}
Kc6 52. g5 {[%csl Gg5]} Bd3 53. Nf7 Kb5 54. Ne5 {[%cal Re5d3]} Bb1 55. Nxc4 Kb4
$22 {Weiß hat einen Bauern mehr, befindet sich aber in Zugzwang.Ribli.} 56. Nd2
(56. Kd5 $4 Ba2 $19) 56... Bh7 57. Nc4 Bb1 $22 58. Nd6 Kxa5 59. Nxb7+ Kb4 60.
Nc5 Bh7 61. Nxa6+ (61. Kd5 a5 {Der schwarze Plan ist klar -er gibt den Läufer
für den g-Bauern und tauscht oder gewinnt den b-Bauern, und das Remis ist
gesichert.Ribli.}) 61... Kb3 62. Nc5+ Kxb2 $11 {Jetzt haben wir eine
theoretische Remisstellung. Schwarz muß jedoch vorsichtig sein. 1952
analysierte der Franzose Cheron dieses Endspiel. Natürlich muß Schwarz den
Läufer für den g-Bauern geben. Der weiße Plan besteht darin, den Läufer
auszuschließen. Aber in diesem Fall hilft der schwarze König von hinten. Ich
möchte anmerken, daß die Stellung totremis wäre, wenn der schwarze König z.B.
auf e7 oder g8 stünde.Ribli.} 63. Nd7 Kc2 64. Nf8 Bd3 65. Ke5 Kd2 66. Kf4 Ke2
67. Ne6 Kf2 68. Nd4 {[%csl Gf2] Der schwarze König muß hier stehen bleiben,
denn der weiße Springer allein kann nichts ausrichten, und wenn der weiße
König nach vorne geht, kann ihm der schwarze König folgen.Ribli.} Bg6 69. Nf3
Bh7 70. Nh4 Ke2 71. Nf5 Kf2 72. Ne3 Bg6 (72... Bd3 $2 73. Nf5 $18) 73. Nd5 Bh7
74. Ne7 Kg2 75. Kg4 Kf2 76. Nf5 Kg2 77. Nh4+ Kf2 78. Kf4 Ke2 (78... Bc2 $2 79.
Nf5) 79. Ke5 Ke3 $1 80. Nf5+ Kf3 81. Kf6 Kf4 {Der schwarze König kann sehr gut
von hinten helfen.Ribli.} 82. Nh6 Bb1 {[%csl Gf5] Jetzt kann Schwarz diesen
Zug ruhig ausführen, da sein König das Feld f5 hält.Ribli.} 83. Nf7 Bc2 84. Ne5
Bb1 85. Nc6 {GM Dreev ist zwar ein großer Kämpfer, aber - ich glaube - er
hätte hier ruhig Remis geben können.Ribli.} Bc2 86. Nb4 Bb1 87. Nd5+ Kg4 88.
Ne3+ Kf4 (88... Kh4 $6 89. Nf5+ Kg4 90. g6 Bxf5 91. g7 Bh7 $11) 89. Ng2+ Kg4
90. Ne3+ Kf4 91. Nd1 Bc2 92. Nb2 {Normalerweise kann Weiß dieses Endspiel
nicht gewinnen. Vielleicht spekuliert Dreev auf einen Sonderpreis für die
längste Partie?Ribli.} Kg4 93. Nc4 Kf4 94. Nb6 Bb1 95. Nd7 Bc2 96. Nc5 Bb1 97.
Ne6+ Kg4 98. Nd4 Kf4 99. Ne2+ Kg4 100. Nc3 Bc2 101. Nd5 Bb1 102. Ne7 Kf4 {
Und endlich wurde Remis gegeben.Ribli.} 1/2-1/2

[Event "GER-ch 74th"]
[Site "Saarbruecken"]
[Date "2002.11.26"]
[Round "5"]
[White "Huebner, Robert"]
[Black "Tischbierek, Raj"]
[Result "1-0"]
[WhiteElo "2640"]
[BlackElo "2523"]
[Annotator "Ribli,Z"]
[PlyCount "143"]
[EventDate "2002.11.22"]
[EventType "swiss"]
[EventRounds "9"]
[EventCountry "GER"]
[SourceTitle "CBM 093"]
[Source "ChessBase"]
[SourceDate "2003.04.01"]
[SourceVersion "1"]
[SourceVersionDate "2003.04.01"]
[SourceQuality "1"]

1. d4 Nf6 2. c4 e6 3. Nf3 d5 4. Nc3 Bb4 {Großmeister Tischbierek spielt sehr
gern die Ragozin Variante.} 5. Bg5 Nbd7 6. e3 c5 7. cxd5 exd5 8. Bd3 Qa5 9. Qc2
c4 10. Bf5 O-O 11. O-O Re8 12. Nd2 g6 13. Bxd7 Nxd7 14. f3 {[%cal Ge3e4] Das
ist die prinzipielle Fortsetzung. Mit diesem Zug bereitet Weiß den Durchbruch
im Zentrum mit e3-e4 vor.} Nb6 15. Bf4 (15. h4 Bxc3 16. bxc3 Qa4 17. Qc1 Bf5
$13) 15... Bd7 (15... Bxc3 16. bxc3 Qa4 17. Qc1 Bf5 18. Re1 Bd3 19. h4 Re6 20.
Nf1 Qd7 21. g4 f5 22. g5 Na4 23. Ng3 Rb6 24. Rd1 Rb2 25. Rd2 Qb5 26. Rxb2 Qxb2
27. Qxb2 Nxb2 28. a4 {1/2-1/2 Kiselev,S-Giorgadze,G/Podolsk 1992/CBM 33 (61)})
(15... Bf8 16. Rae1 Bg7 17. Kh1 (17. Ndb1 $5) 17... Be6 18. Bd6 $6 Rac8 19.
Ndb1 Nd7 20. Qf2 b5 21. a3 Qb6 22. Qg3 Qc6 23. Bb4 a6 24. Rd1 Nf6 25. Qh4 Bf5 {
0-1 Hebden,M-Winants,L/Ostende 1992/TD (41)}) 16. Rae1 {[%mdl 4] Weiß spielt
noch nicht den Zug 16.e4, sondern macht zuerst alle guten Vorbereitungszüge.} (
16. e4 Bxc3 (16... Rac8 17. Rae1 Bf8 18. Ndb1 Bg7 19. Qf2 Be6 20. Rd1 Red8 21.
h3 Na4 22. g4 Nxc3 23. Nxc3 Rd7 24. e5 b5 25. a3 Rb7 26. Bg5 {1-0 Illescas
Cordoba,M-Garcia Ilundain,D/Leon 1993/CBM 36 (65)}) 17. bxc3 Ba4 18. Qc1 Bc6
19. e5 Na4 20. Nb1 Qb6 21. Rf2 Bd7 22. Bg5 Bf5 23. Nd2 Bd3 (23... Qb2 $5 24.
Qxb2 Nxb2 25. g4 $14) 24. Bf6 Qb2 25. Qxb2 Nxb2 26. a4 {Ftacnik,L. 1-0 Sokolov,
I-Lautier,J/Correze 1992/CBM 28/[Ftacnik] (42)}) 16... Bf8 17. Ndb1 $5 {
[%cal Gc2f2] Mit diesem Zug räumt Weiß die 2. Reihe für die Dame und bereitet
18.Qf2 vor.} (17. e4 Bg7 18. Be3 $11) 17... Bg7 18. Qf2 Be6 (18... f5 $5 {
Dieser Zug kommt stark in Betracht. Im Folgenden kann Weiß e3-e4 nicht so
leicht durchsetzen wie in der Partie.}) 19. e4 $14 {[%csl Gd4,Ge4] Weiß hat
eine starke Zentrumstellung, die hier mehr wiegt als das schwarze Läuferpaar.}
Rad8 20. Rd1 (20. Bg5 Rd7) 20... f5 (20... Rd7 $5) 21. e5 {Die Stellung hat
geschlossenen Charakter, wobei das schwarze Läuferpaar nicht viel wert ist.
Weiß hat Raumvorteil und Initiative am Königsflügel, dafür kann Schwarz am
Damenflügel aktiv spielen.} Nd7 22. h4 {Ein typischer Blockadezug - Weiß
gewinnt Raum am Königsflügel.} b5 23. a3 Qb6 (23... Rb8 $6 {[%cal Gb5b4]} 24.
Qg3 b4 25. axb4 Rxb4 26. Rf2 $14) 24. Ne2 {Der Springer strebt nach f4.} h6 $6
{Mit diesem Zug schwächt Schwarz seine Königsstellung von selbst. Es wäre
besser gewesen, sofort am Damenflügel vorzurücken.} (24... a5 $5 25. h5 b4 $13)
25. Bd2 a5 26. Nf4 {[%csl Gf4]} Nf8 (26... Bf7 $5) 27. Nc3 Rd7 (27... Bf7) 28.
Rb1 Qc6 {Schwarz bereitet den Zug 29...b4 vor und verhindert die Moeglichkeit
Na4.} (28... b4 29. Na4 Qb5 30. Nc5 $14) 29. b4 $1 {Mit diesem guten
positionellen Zug verhindert Weiß 29...b4.} a4 {Schwarz hat nichts Besseres,
er muss den Damenflügel schließen, aber jetzt hat er kein Gegenspiel. Weiß
steht nur etwas besser, aber er kann seinen Vorteil stufenweise erhöhen.} (
29... cxb3 $6 30. Rxb3 Rb7 31. Rfb1 Reb8 32. Nce2 $16) (29... axb4 $6 30. Rxb4
Rb7 31. Rfb1 $16) 30. g3 {[%csl Gc3] Weiß hat freie Hand am Königsflügel. Ich
bemerke, dass der c3N blockiert den schwarze c-Bauern und kontrolliert den b5-
und den d5-Bauern.} Bf7 31. Be3 Ne6 32. Nxe6 Bxe6 33. Bf4 {Mit diesem Zug
verhindert Weiß das mögliche Bauernopfer f5-f4, wonach Bf5 möglich wäre.} (33.
Qd2 $14) 33... Kh7 34. Qe3 Bf7 35. Rb2 {[%cal Gb2h2] Der Turm kommt auf der 2.
Reihe ins Spiel.} Be6 36. Rg2 {[%cal Gg3g4] Weiß möchte früher oder später 
(nach Vorbereitung) g3-g4 ziehen.} Rf8 37. Kf2 Rff7 (37... Rdf7 38. Ke2 $14)
38. Ke2 h5 {Schwarz hat Angst vor der Möglichkeit g3-g4, aber der Textzug gibt
die Kontrolle über die dunklen Felder am Damenflügel auf.} 39. Kd2 {Der König
strebt nach c3 und möchte den Springer befreien.} Kg8 40. Rc1 Kf8 41. Ne2 Ke8 {
Der schwarze König strebt aus der Gefahrenzone.} 42. Bg5 {[%cal Ge2f4]} Bf8 (
42... Rf8 43. Nf4 Kf7 44. Kc3 $14) 43. Nf4 {[%csl Gf4]} Rg7 44. Bh6 {Mit
diesem Zug kann Weiß die dunkelfarbigen Läufer tauschen.} Rg8 45. Bxf8 Kxf8 {
[%csl Re6,Gf4,Yf6,Yg5,Yh6] Nach dem Läufertausch sind die dunklen Felder sehr
anfällig und der Be6 ist der typische "schlechte" Läufer.} 46. Nd3 {[%cal
Gd3c5,Ge3h6]} Rh7 47. Qg5 {[%csl Gg5]} Qe8 48. Nf4 Qf7 49. Qf6 $1 $16 Qxf6 50.
exf6 Bd7 51. Nh3 {[%csl Yg5][%cal Gh3g5]} (51. Nxd5 Bc6 52. Ne7 (52. Nc3 Bxf3
53. Rf2 $11) 52... Bxf3 53. Rf2 Be4 54. Nxg8 Kxg8 55. Re1 $14) (51. Re1 $16)
51... Rf7 52. Ng5 Rxf6 53. Nh7+ {[%cal Rh7f6,Rh7f8]} Kg7 54. Nxf6 Kxf6 55. Re1
{[%csl Ge1,Ye5][%cal Ge1e8][%mdl 4096] Schwarz hat einen Bauern für die
Qualität, aber Weiß steht viel besser - der Pc4 ist leicht zu blockieren und
Weiß kontrolliert die einzige offene Linie.} Rc8 56. Re5 {[%csl Ge5]} Be6 57.
Ke3 (57. Kc3 $16) 57... Rc6 58. Rf2 {[%cal Gg3g4,Gf2f6]} Kg7 59. Rf1 Rd6 60.
Ke2 Rc6 61. Kd2 Rd6 62. Kc3 {[%csl Gc3]} Rb6 63. g4 $1 fxg4 64. fxg4 hxg4 (
64... Bxg4 65. Rxd5 $18) 65. Rg5 {Die weiße Drohung ist 67.h5.} Bc8 $6 (65...
Rd6 66. h5 Bd7 67. hxg6 Rxg6 68. Rxd5 Bc6 69. Re5 $16 {[%cal Rd4d5]}) 66. Rxd5
Bf5 67. Re5 Kh6 68. d5 $18 {Der d-Bauer entscheidet die Partie.} Kh5 69. Rh1
Rf6 (69... g3 70. Re3 Kg4 (70... Rd6 71. Kd4 $18) 71. Rg1 Kxh4 72. Rexg3 $18)
70. Re8 {[%cal Re8h8,Rh8h5]} g3 (70... Kh6 71. Kd4 $18) 71. Re3 Kg4 (71... g2
72. Rg1 $18) 72. Rg1 1-0

[Event "Griesheim GM 3rd"]
[Site "Griesheim"]
[Date "2003.01.30"]
[Round "2"]
[White "Grabarczyk, Miroslaw"]
[Black "Kritz, Leonid"]
[Result "1-0"]
[WhiteElo "2506"]
[BlackElo "2484"]
[Annotator "Ribli,Z"]
[PlyCount "93"]
[EventDate "2003.01.29"]
[EventType "tourn"]
[EventRounds "9"]
[EventCountry "GER"]
[EventCategory "11"]
[SourceTitle "CBM 094"]
[Source "ChessBase"]
[SourceDate "2003.05.26"]
[SourceVersion "1"]
[SourceVersionDate "2003.05.26"]
[SourceQuality "1"]

1. d4 Nf6 2. c4 e6 3. Nf3 d5 4. Nc3 Bb4 5. Qa4+ {Dieser Variante wird weniger
gespielt - die Hauptfortsetzungen sind 5.Bg5, oder 5.cxd5 exd5 6.Bg5.} Nc6 6.
Bg5 (6. a3) 6... h6 7. Bxf6 Qxf6 8. e3 O-O 9. cxd5 exd5 10. Be2 (10. Rc1 Rd8
11. a3 Bf8 12. Bd3 Be6 13. Bb1 a6 14. O-O Bd6 15. Rfe1 g6 16. Ba2 Bf8 17. e4
Ne7 18. exd5 Nxd5 19. Nxd5 Bxd5 20. Bxd5 Rxd5 21. Rxc7 {1-0 Banikas,H-Ehlvest,
J/Panormo 2002/CBM 90 ext (44)}) 10... a6 {Schwarz sichert seinen Damenfluegel
und verteidigt sich gegen Qb5. Aber gewoehnlich spielt man zuerst 10...Be6 und
nur nach 11.0-0 kommt 11...a6. Ich glaube, der Entwicklungszug 10...Be6 ist
die bessere Moeglichkeit fuer Schwarz.} (10... Bxc3+ 11. bxc3 b6 12. O-O Bb7) (
10... Be6 $5) 11. a3 {Weiß nutzt die Moeglichkeit, dass Schwarz nicht 11...Bd6
ziehen kann wegen 12.Nxd5. Das ist der wichtige Unterschied zwischen 10...a6
und 10...Be6, weil nach 10...Be6 11.a3 .Bd6 moeglich wäre.} (11. O-O Be6 12.
Rfc1 Qd8 13. Qd1 Bd6 14. Na4 Ne7 15. Nc5 {1/2-1/2 Gavrikov,V-Ehlvest,J/Tallinn
EST 2003/(99)}) 11... Bxc3+ 12. bxc3 Qd6 (12... Qg6 13. O-O Re8 14. Qb3 Qd6 15.
a4 b6 16. Nd2 Bf5 17. Bf3 Rad8 18. c4 Na5 19. Qc3 dxc4 20. Nxc4 Nxc4 21. Qxc4 {
1-0 Sahovic,D-Zelic,M/Bela Crkva 1983/EXT 98 (37)}) 13. O-O Bd7 14. Rfb1 $14 {
[%csl Gc3,Gd4,Ge3] Weiß hat eine starke Zentrumsstellung und kann im folgenden
das Zentrum mit c3-c4 sprengen.} b5 (14... Ne7 15. Qb3 $5 $14 (15. Qc2 Bf5 16.
Bd3 Bxd3 17. Qxd3 b5 (17... b6 18. c4 $14) 18. a4 c6 $11)) 15. Qc2 Ne7 {
[%cal Gd7f5,Gf5b1]} 16. Ne5 Bf5 17. Bd3 f6 (17... Bxd3 18. Nxd3 $14 (18. Qxd3
f6 19. Nf3 c6 $11)) 18. Nf3 Bd7 $6 (18... Bxd3 $5 19. Qxd3 c6 20. Nd2 {[%cal
Ge3e4]} f5 21. Nb3 f4 $132) 19. a4 $1 c5 $2 {[%mdl 16384] Mit diesem Zug kann
Schwarz am Damenfluegel zwar viele Bauern tauschen, aber Weiß bekommt freie
Hand. Gut, oder schlecht - es waere besser den a4-Bauern zu nehmen.} (19...
bxa4 20. c4 $44) 20. dxc5 Qxc5 21. axb5 Bxb5 $6 (21... axb5 22. Rxa8 (22. Nd4
Rxa1 23. Rxa1 Rc8 24. Rc1 b4 $11) 22... Rxa8 23. Nd4 $14) 22. Bxb5 axb5 23.
Rxa8 Rxa8 24. Nd4 {[%csl Rb5] Der b5P ist eine ewige positionelle Schwächung
in der schwarzen Stellung, demgegenüber hat Schwarz keine Zeit, den c3-Bauern
anzugreifen.} Rb8 25. Qd3 b4 26. Qd2 $1 {Mit diesem Zug gewinnt Weiß einen
Bauern - Schwarz kann seinen b-Bauern nicht mehr verteidigen.} (26. cxb4 Rxb4
$11) (26. h3 $5) 26... b3 27. Rxb3 Rxb3 28. Nxb3 Qb5 29. Qc2 $16 {[%mdl 4096]
Weiß hat einen Bauern mehr und die technische Verwertung des Materialvorteils
ist gar nicht leicht, weil der weiße Mehrbauer auf c3 rückständig ist.} Nc6 30.
h3 ({oder} 30. Nd4 Qa5 (30... Nxd4 31. cxd4 $16) 31. h3 Ne5 32. Qb3 $16) 30...
Qc4 31. Nc1 Na7 32. Ne2 Nb5 33. f3 {[%cal Gg1f2] Stufenweise verbessert Weiß
seine Stellung. Im folgenden kann der weiße Koenig nach f2 kommen.} Na3 34. Qd2
Nb5 35. Kf2 Qh4+ 36. Kf1 Qc4 37. Qb2 Kf7 38. Qb4 Qc6 (38... Qxb4 $6 39. cxb4
$18 {[%csl Gb4] Mit dem entfernten Freibauern steht Weiß auf Gewinn.}) 39. Kf2
h5 $6 {Mit diesem Zug schwaecht Schwarz seinen Koenigsfluegel.} 40. h4 g6 41.
Qb3 (41. Nd4 Nxd4 42. Qxd4 $16) 41... Kg7 42. Qa4 {[%cal Ga4c6]} Qb7 (42... Qc5
43. Qb4 Qc6 44. Qe7+ Kg8 45. Nf4 $18) 43. Qb4 Qd7 (43... Qc6 44. Qe7+ $18) 44.
Nf4 Nc7 (44... Kh7 45. Qb1 {[%csl Rg6][%cal Rb1h7]} (45. Nxd5 $2 Qxd5 46. c4 {
[%cal Rc4d5,Rc4b5]} Qd6 $1 47. Qxb5 Qd2+ $132) 45... f5 46. Qd3 Nc7 47. c4 $18)
45. Qb7 $18 {[%cal Rb7g7]} Kh6 46. Qb8 Ne8 47. Qa8 (47. Qa8 Nc7 48. Qh8+ $18)
1-0